| 000 | 01205am a2200457a 44500 | ||
|---|---|---|---|
| 003 | AR-BaBNM | ||
| 005 | 20251128211043.0 | ||
| 008 | 022020s1991 #AR|||||||||||000 | ing|| | ||
| 020 | _a0-521-33821-2 | ||
| 040 | _cAR-BaBNM | ||
| 100 | 1 | _aCain, Tim | |
| 245 | 1 | 0 |
_aKeynote _bmusic to GCSE |
| 250 | _a3th ed. | ||
| 260 |
_aCambridge _bCambridge University Press _c1991 |
||
| 300 |
_a158 p. _bil. |
||
| 500 | _aContiene glosario | ||
| 521 | _aPRIMARIO | ||
| 600 | 1 | 4 | _aPresley, Elvis |
| 600 | 1 | 4 | _aBeethoven, Ludwig Van |
| 600 | 1 | 4 | _aDebussy, Claude Achille |
| 600 | 1 | 4 | _aSimon, Paul |
| 600 | 1 | 4 | _aGarfunkel, Art |
| 600 | 1 | 4 | _aDvorák, Anton |
| 600 | 1 | 4 | _aHaydn, Franz Joséph |
| 600 | 1 | 4 | _aCarthy, Martin |
| 600 | 1 | 4 | _aMarley, Bob |
| 600 | 1 | 4 | _aMozart, Wolfgang Amadeus |
| 600 | 1 | 4 | _aArmstrong, Louis |
| 600 | 1 | 4 | _aBach, Johann Sebastian |
| 600 | 1 | 4 | _aSchumann, Robert |
| 610 | 2 | 4 | _aThe Beatles |
| 650 | 4 | _aENSEÑANZA DE LA MUSICA | |
| 650 | 4 | _aINGLES | |
| 650 | 4 | _aLENGUA EXTRANJERA | |
| 650 | 4 | _aACTIVIDADES DE APRENDIZAJE | |
| 650 | 4 | _aLIBROS DE TEXTO | |
| 650 | 4 | _aEDUCACION ARTISTICA | |
| 650 | 4 | _aPARTITURAS MUSICALES | |
| 942 | _cBK | ||
| 998 | _craquel | ||
| 999 |
_c18025 _d18025 |
||